Reglamento interior de trabajo
Guardado en:
| Institution som forfatter: | |
|---|---|
| Format: | Texto |
| Udgivet: |
San José:
Imprenta Metropolitana
|
| Tags: |
Tilføj Tag
Ingen Tags, Vær først til at tagge denne postø!
|
MARC
| LEADER | 00000 a a2200000 04500 | ||
|---|---|---|---|
| 001 | 17297 | ||
| 003 | |||
| 040 | |||
| 090 | |a 006800 | ||
| 110 | |a Asociación Demográfica Costarricense | ||
| 245 | |a Reglamento interior de trabajo | ||
| 260 | |a San José: |b Imprenta Metropolitana | ||
| 300 | |a 8 p. | ||
| 999 | |c 3657 |d 3657 | ||
